| 000 | 00000cam 2200000zi 4500 |
| 001 | 9.952852 |
| 003 | CaOODSP |
| 005 | 20260409105500 |
| 006 | m o d f |
| 007 | cr mn||||||||| |
| 008 | 250630t20252025onca o f000 0 fre d |
| 020 | |a9780660779904 |
| 040 | |aCaOODSP|bfre|erda|cCaOODSP |
| 041 | 0 |afre|beng|bfre |
| 043 | |an-cn--- |
| 045 | |ay2y2 |
| 086 | 1 |aCi4-194/2025F-PDF |
| 245 | 00|aÉtude 2024-2025 auprès des jeunes sur Expérience internationale Canada (EIC) : |brapport final / |cpréparé pour Immigration, réfugiés et citoyenneté Canada. |
| 264 | 1|aOttawa (Ontario) : |b[Immigration, réfugiés et citoyenneté Canada], |c2025. |
| 264 | 4|c©2025 |
| 300 | |a1 ressource en ligne (92 pages) : |billustrations en couleur + |eannexe (109 pages non numérotées : illustrations en couleur) |
| 336 | |atexte|btxt|2rdacontent/fre |
| 337 | |ainformatique|bc|2rdamedia/fre |
| 338 | |aressource en ligne|bcr|2rdacarrier/fre |
| 500 | |aLe rapport final en format PDF a été remplacé le 7-04-2026 à la requête de Immigration, réfugiés et citoyenneté Canada. |
| 500 | |aPublié aussi en anglais sous le titre : 2024-25 International Experience Canada (IEC) youth study: final report. |
| 500 | |a« Nom du fournisseur : Earnscliffe Strategy Group. » |
| 500 | |a« Numéro du contrat : CW2381896. » |
| 500 | |a« Date de livraison : 28 février 2025. » |
| 500 | |a« Numéro d'enregistrement : POR 074-24. » |
| 520 | |a« L'étude 2024-2025 sur Expérience internationale Canada (EIC) visait à recueillir de l'information auprès de jeunes ayant ou non déjà participé au programme (y compris dans des communautés d'intérêt, comme les jeunes en situation de désavantage économique). Les résultats doivent permettre d'orienter l'élaboration de politiques et les communications, y compris la création de nouveaux produits ciblés de promotion et de communication, et de cerner les obstacles auxquels EIC pourrait s'attaquer » -- Résumé, page 1. |
| 546 | |aTexte en anglais; Annexe C en anglais et en français. |
| 650 | 6|aCanadiens|xTravail|zPays étrangers|xOpinion publique. |
| 650 | 6|aJeunes adultes|xTravail|zPays étrangers|xOpinion publique. |
| 650 | 6|aEmploi à l'étranger|xPolitique gouvernementale|zCanada|xOpinion publique. |
| 650 | 6|aOpinion publique|zCanada. |
| 650 | 6|aJeunes adultes|zCanada|xAttitudes. |
| 710 | 1 |aCanada. |bImmigration, réfugiés et citoyenneté Canada, |eorganisme de publication. |
| 710 | 2 |aEarnscliffe Strategy Group, |econsultant. |
| 775 | 08|t2024-25 International Experience Canada (IEC) youth study : |w(CaOODSP)9.952853 |
| 794 | |tÉtude 2025-2026 auprès des jeunes sur Expérience internationale Canada (EIC) : |w(CaOODSP)9.961756 |
| 795 | |tÉtude sur Expérience internationale Canada (EIC) 2023-2024 : |w(CaOODSP)9.936329 |
| 856 | 40|qPDF|s5.77 Mo|uhttps://publications.gc.ca/collections/collection_2025/ircc/Ci4-194-2025-fra.pdf|zRapport final |
| 856 | 40|qPDF|s2.65 Mo|uhttps://publications.gc.ca/collections/collection_2025/ircc/Ci4-194-2025-1.pdf|zAnnexe C |
| 856 | 4 |pHTML|sS.O.|uhttps://epe.bac-lac.gc.ca/100/200/301/pwgsc-tpsgc/por-ef/immigration_refugees/2025/074-24-f/074-24-rapport.html|zRapport final |
| 856 | 4 |qHTML|sS.O.|uhttps://epe.bac-lac.gc.ca/100/200/301/pwgsc-tpsgc/por-ef/immigration_refugees/2025/074-24-f/index.html|zEnsemble de données complet |